<?xml version="1.0" encoding="UTF-8"?>
<record
    xmlns:xsi="http://www.w3.org/2001/XMLSchema-instance"
    xsi:schemaLocation="http://www.loc.gov/MARC21/slim http://www.loc.gov/standards/marcxml/schema/MARC21slim.xsd"
    xmlns="http://www.loc.gov/MARC21/slim">

  <leader>01015nam a22002057a 4500</leader>
  <datafield tag="999" ind1=" " ind2=" ">
    <subfield code="c">58386</subfield>
    <subfield code="d">58386</subfield>
  </datafield>
  <controlfield tag="003">Ge_BSU</controlfield>
  <controlfield tag="005">20211228133922.0</controlfield>
  <controlfield tag="008">211228s2013    ge ||||| |||| 00| 0 geo d</controlfield>
  <datafield tag="020" ind1=" " ind2=" ">
    <subfield code="a">9789941024467</subfield>
  </datafield>
  <datafield tag="041" ind1=" " ind2=" ">
    <subfield code="a">geo</subfield>
  </datafield>
  <datafield tag="080" ind1=" " ind2=" ">
    <subfield code="a">348 : 27-745 &#x10D1;-72</subfield>
  </datafield>
  <datafield tag="100" ind1=" " ind2=" ">
    <subfield code="a">&#x10D1;&#x10E3;&#x10DB;&#x10D8;&#x10E1;&#x10D8;, &#x10DE;&#x10D0;&#x10DC;&#x10D0;&#x10D8;&#x10DD;&#x10E2;&#x10D8;&#x10E1; &#x10D8;.</subfield>
    <subfield code="9">13368</subfield>
  </datafield>
  <datafield tag="245" ind1=" " ind2=" ">
    <subfield code="a">&#x10D9;&#x10D0;&#x10DC;&#x10DD;&#x10DC;&#x10D8;&#x10D9;&#x10E3;&#x10E0;&#x10D8; &#x10E1;&#x10D0;&#x10DB;&#x10D0;&#x10E0;&#x10D7;&#x10D0;&#x10DA;&#x10D8; / </subfield>
    <subfield code="c"> &#x10DE;&#x10D0;&#x10DC;&#x10D0;&#x10D8;&#x10DD;&#x10E2;&#x10D8;&#x10E1; &#x10D8;. &#x10D1;&#x10E3;&#x10DB;&#x10D8;&#x10E1;&#x10D8; ; [&#x10DB;&#x10D7;&#x10D0;&#x10E0;&#x10D2;&#x10DB;&#x10DC;. &#x10D8;&#x10E0;&#x10D8;&#x10DC;&#x10D4; &#x10D2;&#x10D0;&#x10E0;&#x10D0;&#x10E7;&#x10D0;&#x10DC;&#x10D8;&#x10EB;&#x10D4; ; &#x10E0;&#x10D4;&#x10D3;.: &#x10D4;&#x10E5;&#x10D5;&#x10D7;&#x10D8;&#x10DB;&#x10D4; &#x10D9;&#x10DD;&#x10ED;&#x10DA;&#x10D0;&#x10DB;&#x10D0;&#x10D6;&#x10D0;&#x10E8;&#x10D5;&#x10D8;&#x10DA;&#x10D8;, &#x10D3;&#x10D4;&#x10D9;&#x10D0;&#x10DC;&#x10DD;&#x10D6;&#x10D8; &#x10D8;&#x10DD;&#x10D0;&#x10DC;&#x10D4; &#x10DB;&#x10D0;&#x10DB;&#x10DC;&#x10D8;&#x10D0;&#x10E8;&#x10D5;&#x10D8;&#x10DA;&#x10D8;].</subfield>
  </datafield>
  <datafield tag="250" ind1=" " ind2=" ">
    <subfield code="a">(&#x10DB;&#x10D4;-2 &#x10D2;&#x10D0;&#x10D3;&#x10D0;&#x10DB;&#x10E3;&#x10E8;. &#x10D2;&#x10D0;&#x10DB;&#x10DD;&#x10EA;.).</subfield>
  </datafield>
  <datafield tag="264" ind1=" " ind2=" ">
    <subfield code="a">&#x10D7;&#x10D1;. :</subfield>
    <subfield code="b">&#x10D0;&#x10DA;&#x10D8;&#x10DA;&#x10DD;,</subfield>
    <subfield code="c">2013.</subfield>
  </datafield>
  <datafield tag="300" ind1=" " ind2=" ">
    <subfield code="a">227 &#x10D2;&#x10D5;.;</subfield>
    <subfield code="b"> 20 &#x10E1;&#x10DB;.</subfield>
  </datafield>
  <datafield tag="500" ind1=" " ind2=" ">
    <subfield code="a">&#x10DE;&#x10D0;&#x10E0;&#x10D0;&#x10DA;. &#x10D7;&#x10D0;&#x10D5;&#x10E4;&#x10E3;&#x10E0;. &#x10D1;&#x10D4;&#x10E0;&#x10EB;&#x10DC;. &#x10D4;&#x10DC;.</subfield>
  </datafield>
  <datafield tag="653" ind1=" " ind2=" ">
    <subfield code="a">&#x10E1;&#x10D0;&#x10D4;&#x10D9;&#x10DA;&#x10D4;&#x10E1;&#x10D8;&#x10DD; &#x10E1;&#x10D0;&#x10DB;&#x10D0;&#x10E0;&#x10D7;&#x10D0;&#x10DA;&#x10D8;</subfield>
  </datafield>
  <datafield tag="942" ind1=" " ind2=" ">
    <subfield code="2">udc</subfield>
    <subfield code="c">BK</subfield>
  </datafield>
  <datafield tag="952" ind1=" " ind2=" ">
    <subfield code="0">0</subfield>
    <subfield code="1">0</subfield>
    <subfield code="2">udc</subfield>
    <subfield code="4">0</subfield>
    <subfield code="6">348__27745_&#x10D1;72</subfield>
    <subfield code="7">0</subfield>
    <subfield code="9">91335</subfield>
    <subfield code="a">CPL</subfield>
    <subfield code="b">CPL</subfield>
    <subfield code="c">GEN</subfield>
    <subfield code="d">2021-12-28</subfield>
    <subfield code="g">12.00</subfield>
    <subfield code="o">348 : 27-745 &#x10D1;-72</subfield>
    <subfield code="p">62105</subfield>
    <subfield code="r">2021-12-28</subfield>
    <subfield code="t">62105</subfield>
    <subfield code="w">2021-12-28</subfield>
    <subfield code="y">BK</subfield>
    <subfield code="z">12 &#x10DA;.</subfield>
  </datafield>
</record>
